000 01026nas1a22002771i 4500
001 RU\NLR\Per\689644
005 20260407172735.0
011 _a2078-3760
_y1993-8063
_z2077-9232
035 _a(NLR Aleph) 002937580
090 _a3769679
_c3769679
100 _a20100622a20109999|||y0rusy50 ca
101 0 _arus
102 _aRU
110 _aaj|||||||||
200 1 _aВолшебный. Спецвыпуск
_eжурнал
_fТолока
207 0 _a2010, № 1 (май) -
210 _aСмоленск
_cТолока
_d2010 -
606 _aДетская литература
_jПериодические издания
_9888210
_3RU\NLR\AUTH\66461
686 3 _aШ8я5
712 0 2 _4570
_a"Толока", издательский дом
_cСмоленск
_3RU\NLR\AUTH\8810109547
_9719176
852 _aNLR
_jП28/2476
942 _cJOURNAL
980 _aRUSPER